Представление документа в формате RUSMARC

ПолеНазваниеЗначение
  Тип записи a
  Библиографический уровень c
001 Контрольный номер RU/SLIB/B/208759087
005 Дата корректировки 20201206204206.9
010 Индекс ISBN __
a ISBN 5-7511-1698-4 (в пер.)
d Цена 260-00; 148-00
100 Данные общей обработки __
a Данные общей обработки 19170817d2003||||||| 0rusy0189 ca
101 Язык документа 1_
a Язык текста ost
a Язык текста rus
c Язык оригинала ost
102 Страна публикации __
a Страна публикации ru
105 Кодированные данные (монография) __
a Кодированные данные (монография) ||||||||000zy
200 Заглавие и сведения об ответственности 1_
a Заглавие Земля кошачьего локотка
f Первые сведения об ответственности Правительство Ханты-Мансийского автономного округа, Департамент по вопросам малочисленных народов Севера, Научно-исследовательский институт угроведения ; перевод, составление и примечания Т. Молданова
b Общее обозначение материала Текст
h Номер части Вып. 3
200 Заглавие и сведения об ответственности __
d Параллельное заглавие Кань кунш олан
210 Выходные данные __
a Место издания Томск
c Издательство Издательство Томского университета
d Дата издания 2003
215 Физическое описание __
a Объем 230 с.
d Формат 21 см
300 Общие примечания __
a Общие примечания 1000 экз.
300 Общие примечания __
a Общие примечания Текст на русском и хантыйском языках
330 Аннотация __
a Аннотация Прозаические тексты, записанные в 1990-2003 гг. у хантов реки Казым.
606 Тематические рубрики __
a Основная рубрика Фольклор
z Хронологическая подрубрика 20 в.
y Географическая подрубрика Казым, река
y Географическая подрубрика Российская Федерация
y Географическая подрубрика Россия
y Географическая подрубрика РФ
y Географическая подрубрика Тюменская область
y Географическая подрубрика Ханты-Мансийский автономный округ
y Географическая подрубрика ХМАО
606 Тематические рубрики __
a Основная рубрика Фольклор России
610 Ключевые слова __
a Ключевые слова богатырские сказки
a Ключевые слова былички
a Ключевые слова казымские ханты
a Ключевые слова краеведение
a Ключевые слова народное творчество
a Ключевые слова предания
a Ключевые слова сказки
a Ключевые слова тема богатырей
a Ключевые слова тема животных
a Ключевые слова тема природы
a Ключевые слова ханты
a Ключевые слова хантыйские сказки
a Ключевые слова хантыйский фольклор
686 Индексы других классификаций __
2 Код системы rubbks
a Классификационный индекс К82.3(2=665.1); стК84.2(2Рос=Хат)
702 Вторичная интеллектуальная ответственность _1
a Фамилия Молданова
b Имя Т.
4 Код отношения Переводчик
4 Код отношения 730
4 Код отношения 220
4 Код отношения 080
711 Наименование организации. (Альтернативная ответственность) __
a Организация/ юрисдикция Ханты-Мансийский автономный округ - Югра
b Другие уровни Департамент по вопросам малочисленных народов Севера
711 Наименование организации. (Альтернативная ответственность) __
a Организация/ юрисдикция Научно-исследовательский институт угроведения
801 Источник записи _0
a Страна ru
b Организация Муниципальное бюджетное учреждение культуры "Централизованная библиотечная система" г. Сургут (Центральная городская библиотека им. А. С. Пушкина)
c Дата составления 20170817
g Правила каталогизации RCR
801 Источник записи _1
a Страна ru
b Организация Муниципальное бюджетное учреждение культуры "Централизованная библиотечная система" г. Сургут (Центральная городская библиотека им. А. С. Пушкина)
c Дата составления 20170817
g Правила каталогизации RCR
852 Данные о местонахождении __
j Шифр хранения К82.3(2=665.1)
c Каталожный индекс К82.3(2Рос=Хат)-6
i Авторский знак З-52
901 Тип документа 1_
t Тип документа m
a Ответственный КиК/Котельникова; КиК/Елгина; КиК/Апакова
903 Характеристики (МАРС) __
a Дата передачи 20170817; 20061030; 20041111
969 Тип издания __
a Тип издания сборник
990 Данные о заказе (DOS) __
j Количество экземпляров (DOS) 1; 3; 2
t N записи в КСУ для И/У (DOS) 201708; 200611; 200410